000 00672cam a22001451i 4500
082 _a940.27
_bFOR
100 1 _aFortescue, J. W.
_949223
245 1 0 _aFollowing the drum,
_bby the Hon. Sir John W. Fortescue ...
260 _aEdinburgh and London,
_bW. Blackwood & sons ltd.,
_c1932.
300 _a5 p. l., 315, [1] p.
_c21 cm.
505 0 _aGibraltar under siege, 1727.--The roses of Minden.--The militia in the year of Minden.--A conqueror of France.--An ensign on Wellington.--Memoirs of a saddler serjeant.--Wolseley.--Kitchener.--Horace Smith-Dorrien.--Early days at St Helena.
526 _a0
_b0
_c0
_d940_270000000000000_FOR
650 _aMCE
_9379
942 _2ddc
_cBK
999 _c553362
_d553362